[Event "Manx Liberty Masters 2021"]
[Site "Douglas, Isle of Man"]
[Date "2021.09.21"]
[Round "4.5"]
[White "Pert, Richard G"]
[Black "Kolbus, Dietmar"]
[Result "1-0"]
[WhiteElo "2416"]
[BlackElo "2295"]
[Annotator "NA"]
[PlyCount "93"]
[EventDate "2021.09.18"]
[EventType "tourn"]
[EventCountry "GBR"]
[SourceTitle "playchess.com"]
[Source "ChessBase"]
[SourceQuality "1"]
[TimeControl "40/5400+30:900+30"]

1. e4 {[%emt 0:00:00]} e5 {[%emt 0:00:00]} 2. Nf3 {[%emt 0:00:00]} Nf6 {[%emt 0:00:00]} 3. Nxe5 {[%emt 0:00:00]} d6 {[%emt 0:00:00]} 4. Nf3 {[%emt 0:00:00]} Nxe4 $14 {[%emt 0:00:00]} 5. Nc3 {[%emt 0:00:00]} Nf6 {[%emt 0:00:00]} 6. d4 {[%emt 0:00:00]} d5 {[%emt 0:00:00]} 7. Bd3 {[%emt 0:00:00]} Be7 {[%emt 0:00:00]} 8. h3 {[%emt 0:00:00]} c6 {[%emt 0:00:00]} 9. O-O {[%emt 0:00:00]} Nbd7 {[%emt 0:00:00]} 10. Be3 {[%emt 0:05:44]} O-O {[%emt 0:01:04]} 11. Ne2 {[%emt 0:21:19]} Bd6 {[%emt 0:03:52]} 12. Bg5 {[%emt 0:06:16]} Qc7 {[%emt 0:05:17]} 13. Bh4 {[%emt 0:04:51]} Nh5 {[%emt 0:08:14]} 14. b3 {[%emt 0:15:29]} Re8 {[%emt 0:11:08]} 15. c4 {[%emt 0:01:23]} dxc4 {[%emt 0:10:19]} 16. bxc4 {[%emt 0:00:37]} Nf8 {[%emt 0:03:54]} 17. Rc1 {[%emt 0:14:16]} Nf4 {[%emt 0:11:08]} 18. Nxf4 {[%emt 0:01:55]} Bxf4 {[%emt 0:00:04]} 19. Rc3 {[%emt 0:03:25]} Ng6 {[%emt 0:01:56]} 20. Qc2 {[%emt 0:02:11]} Bd7 {[%emt 0:06:18]} 21. Rd1 {[%emt 0:02:23]} Kh8 {[%emt 0:01:28]} 22. Bg5 {[%emt 0:01:03]} Bxg5 {[%emt 0:03:01]} 23. Nxg5 {[%emt 0:00:40]} Qf4 {[%emt 0:00:53]} 24. Qc1 {[%emt 0:04:15]} Qxc1 {[%emt 0:01:05]} 25. Rcxc1 {[%emt 0:01:16]} Re7 {[%emt 0:00:28]} 26. Rb1 {[%emt 0:04:54]} Be8 {[%emt 0:04:43]} 27. Re1 {[%emt 0:01:40]} Rc7 {[%emt 0:06:41]} 28. Ne4 {[%emt 0:02:12]} Nf4 {[%emt 0:04:46]} 29. Bf1 {[%emt 0:00:07]} Rd7 {[%emt 0:06:56]} 30. Nc5 {[%emt 0:01:07]} Rxd4 {[%emt 0:00:31]} 31. Rxb7 {[%emt 0:00:08]} Rdd8 {[%emt 0:01:39]} 32. g3 {[%emt 0:02:08]} Ng6 {[%emt 0:00:40]} 33. h4 {[%emt 0:01:55]} Rdb8 {[%emt 0:00:35]} 34. h5 {[%emt 0:01:54]} Rxb7 {[%emt 0:00:28]} 35. Nxb7 {[%emt 0:00:06]} Nf8 {[%emt 0:00:24]} 36. Re7 {[%emt 0:01:31]} f6 {[%emt 0:04:56]} 37. Bg2 {[%emt 0:01:23]} Bxh5 {[%emt 0:01:07]} 38. Bxc6 {[%emt 0:00:16]} Ng6 {[%emt 0:00:22]} 39. Rc7 {[%emt 0:00:54]} Ne5 {[%emt 0:00:36]} 40. Bd5 {[%emt 0:00:26]} Bf3 {[%emt 0:03:26]} 41. Nc5 {[%emt 0:00:00]} Bxd5 {[%emt 0:00:00]} 42. cxd5 {[%emt 0:00:00]} Kg8 {[%emt 0:00:00]} 43. d6 {[%emt 0:00:00]} Rd8 {[%emt 0:00:00]} 44. d7 {[%emt 0:00:00]} Kf7 {[%emt 0:00:00]} 45. f4 {[%emt 0:00:00]} Nf3+ {[%emt 0:00:00]} 46. Kf2 {[%emt 0:00:00]} Nd4 {[%emt 0:00:00]} 47. Nb7 {[%emt 0:00:00]} 1-0

[Event "Manx Liberty Masters 2021"]
[Site "Douglas, Isle of Man"]
[Date "2021.09.22"]
[Round "5.1"]
[White "McShane, Luke J"]
[Black "Parligras, Mircea-Emilian"]
[Result "1-0"]
[WhiteElo "2674"]
[BlackElo "2583"]
[Annotator "TA"]
[PlyCount "85"]
[EventDate "2021.09.18"]
[EventType "tourn"]
[EventCountry "GBR"]
[SourceTitle "playchess.com"]
[Source "ChessBase"]
[SourceQuality "1"]

{[%evp 9,85,21,22,24,16,-4,15,14,19,16,11,-6,0,0,11,0,0,0,14,7,25,-12,-18,-8,0,0,20,4,18,16,39,39,44,29,62,59,66,66,66,69,85,59,63,63,73,64,80,65,70,84,75,0,41,41,45,6,18,14,15,0,7,0,0,0,0,8,6,6,171,162,954,919,2395,2387,2274,2383,1550,1413]} 1. Nf3 d5 2. g3 Bg4 3. Bg2 e6 4. O-O Nf6 5. h3 Bh5 6. c4 {A07: Réti Opening: New York and Capablanca Systems.} c6 7. d3 Be7 8. Qb3 {The position is equal.} Qc8 9. Nc3 O-O 10. Bf4 Nbd7 {[#]} 11. cxd5 $146 ({Predecessor:} 11. Rac1 h6 12. cxd5 exd5 13. g4 Bg6 14. Nh4 Bh7 15. Nf5 Bxf5 16. gxf5 Nc5 17. Qc2 Qxf5 {0-1 (52) Tsaruk,M (2324)-Rojas Salas,S (2194) Chess.com INT 2021}) 11... exd5 12. Nd4 Nc5 13. Qc2 Bg6 14. Rad1 Ne6 15. Be3 c5 16. Nxe6 fxe6 17. Bg5 c4 18. e4 cxd3 19. Qxd3 Bb4 {With the idea ...Bxc3.} 20. Bxf6 Rxf6 21. Ne2 Qf8 22. Nf4 Bxe4 23. Bxe4 dxe4 24. Qxe4 Bd6 {[%cal Rd6f4]} 25. Nd3 Qe7 26. Rfe1 Rc8 27. Re2 Rc6 28. Rc1 Rxc1+ 29. Nxc1 Qc7 30. Rc2 (30. Nb3 $16) 30... Qb6 (30... Bc5 $5 {[%cal Rc7g3]} 31. Kg2 Rxf2+ 32. Rxf2 Bxf2 33. Qxe6+ (33. Kxf2 Qxc1 34. Qxe6+ Kf8 $11) 33... Kf8 34. Qf5+ (34. Kxf2 Qxc1 35. Qd6+ Kf7 $11) 34... Kg8 $11) 31. Kg2 Qb5 32. Nd3 Qd5 33. Qxd5 exd5 $11 {[%mdl 4096] Endgame KRB-KRN} 34. Rc8+ (34. f4 {keeps more tension.} Kf7 35. h4 Re6 36. Kf3 Re7 37. Rd2) 34... Rf8 35. Rxf8+ (35. Rc3 {is interesting.} Kf7 36. Kf3 Re8 37. Nf4 Bxf4 38. Kxf4 Re2 39. Rc7+) 35... Kxf8 {KB-KN} 36. Kf3 Ke7 $1 37. Nf4 Bxf4 38. Kxf4 {KP-KP} Ke6 $2 {[#] This costs Black the game.} (38... Kd6 $11 {and Black has nothing to worry.}) 39. Ke3 $18 h5 $2 (39... a6) 40. g4 {White is clearly winning.} h4 41. f4 g6 42. Kd4 Kd6 43. f5 {Weighted Error Value: White=0.10/Black=0.21} 1-0

[Event "Manx Liberty Masters 2021"]
[Site "Douglas, Isle of Man"]
[Date "2021.09.22"]
[Round "5.2"]
[White "Csonka, Balazs"]
[Black "Piorun, Kacper"]
[Result "0-1"]
[WhiteElo "2496"]
[BlackElo "2638"]
[Annotator "TA"]
[PlyCount "84"]
[EventDate "2021.09.18"]
[EventType "tourn"]
[EventCountry "GBR"]
[SourceTitle "playchess.com"]
[Source "ChessBase"]
[SourceQuality "1"]

{[%evp 11,84,29,33,31,26,24,55,20,3,0,18,0,0,0,24,24,24,29,16,22,36,0,34,0,20,6,54,10,16,16,15,0,0,0,0,0,0,0,0,0,0,0,0,0,0,0,0,0,0,0,0,0,0,0,0,0,0,0,0,0,0,0,0,0,0,-29975,-29976,-29976,-29977,-29978,-29979,-29979,-29980,-29981,-29982]} 1. e4 c5 2. Nf3 Nc6 3. Bb5 Nf6 4. Nc3 g6 5. e5 Ng4 6. Bxc6 dxc6 7. d3 {B30: Sicilian: 2...Nc6 3 Bb5, lines without ...g6.} (7. O-O {keeps more tension.} Bg7 8. Re1 O-O 9. d3 Nh6 10. Ne4) 7... Bg7 8. Bf4 g5 $5 {[%mdl 4] [#] Leaves trodden paths.} 9. Bg3 $146 {White is slightly better.} ({Predecessor:} 9. Nxg5 Nxe5 10. O-O Bg4 11. Qd2 Ng6 12. Nge4 Qd7 13. Rae1 Rg8 14. f3 Bh3 15. Bg3 {1-0 (42) Nickel,A (2602)-Gerhardt,F (2645) ICCF email 2007}) 9... h5 $1 {[%cal Rh5h4] And now ...h4 would win.} 10. Nxg5 Nxe5 (10... h4 $5 {[%cal Rh4g3]} 11. e6 hxg3 12. Qxg4 gxf2+ 13. Ke2 fxe6 $11) 11. Qe2 Ng6 {aiming for ...h4.} 12. h4 e5 13. f4 {[%cal Rf4e5]} Bg4 14. Qe4 f5 15. Qc4 {[%csl Gg5][%cal Rc4f7]} Qe7 16. O-O $1 O-O-O 17. Rae1 Rhe8 18. Qf7 Rd6 (18... Qxf7 {with more complications.} 19. Nxf7 Rd7 20. Nxe5 Nxe5 21. fxe5 Rde7) 19. fxe5 (19. Na4 {looks sharper.} Qxf7 20. Nxf7 Rd7 21. Nxe5 Bxe5 22. fxe5 b6 23. Nc3) 19... Nxe5 20. Qxe7 Rxe7 21. Bxe5 {[%mdl 64] Remove Defender} Bxe5 22. Rxe5 Rxe5 23. Nf7 $1 {[%csl LRd6,LRe5][%mdl 64] Double Attack} Rde6 {...Re1 is the strong threat.} 24. Nxe5 Rxe5 $11 {[%mdl 4096] Endgame KRB-KRN} 25. Kf2 Kd7 26. Re1 (26. a4 {seems wilder.} a6 27. Kg3 b5 28. Kf4 Ke6 29. g3) 26... Rxe1 27. Kxe1 {KB-KN} Ke6 28. Ne2 Ke5 29. g3 Bxe2 30. Kxe2 {KP-KP} f4 31. Kf3 fxg3 32. Kxg3 c4 33. dxc4 Ke4 34. c5 $1 a5 35. a4 Ke3 36. c3 Ke4 37. b4 Ke3 38. b5 $2 {[%mdl 8192] [#]} (38. bxa5 $11 Ke4 39. Kg2) 38... Ke4 $1 {Black mates.} 39. b6 {[#]} Ke3 $1 {[%cal Re3e4]} 40. Kg2 Kd3 41. Kf3 Kxc3 42. Kf4 Kb4 {Weighted Error Value: White=0.22/Black=0.06} 0-1

[Event "Manx Liberty Masters 2021"]
[Site "Douglas, Isle of Man"]
[Date "2021.09.22"]
[Round "5.3"]
[White "Pert, Richard G"]
[Black "Erdos, Viktor"]
[Result "1/2-1/2"]
[WhiteElo "2416"]
[BlackElo "2622"]
[Annotator "TA"]
[PlyCount "61"]
[EventDate "2021.09.18"]
[EventType "tourn"]
[EventCountry "GBR"]
[SourceTitle "playchess.com"]
[Source "ChessBase"]
[SourceQuality "1"]

{[%evp 19,61,12,46,23,56,47,59,47,43,47,43,24,46,2,14,19,16,22,54,35,42,39,77,37,110,53,86,43,66,55,61,49,60,61,73,74,57,60,65,64,91,0,66,0]} 1. d4 Nf6 2. c4 g6 3. Nc3 d5 4. cxd5 Nxd5 5. e4 Nxc3 6. bxc3 Bg7 7. Nf3 c5 8. Rb1 O-O 9. Be2 b6 10. O-O Qc7 11. Re1 {D85: Exchange Grünfeld: Unusual White 7th moves and lines with 7 Nf3.} Nc6 12. d5 {[#]} Rd8 $146 ({Predecessor:} 12... Ne5 13. c4 f5 14. exf5 Bxf5 15. Rb3 Rad8 16. Bb2 e6 17. Nxe5 Bxe5 18. Bxe5 Qxe5 {1-0 (29) So,W (2770)-Grandelius,N (2670) chess24.com INT 2021}) 13. Bd2 Ne5 14. c4 e6 15. Bg5 Re8 16. Bh4 (16. Nd2 {looks sharper.} exd5 17. cxd5 c4 18. Qc2 c3 19. Rbc1) 16... Nxf3+ 17. Bxf3 Be5 18. Bg3 Rd8 19. Rb3 Bxg3 20. hxg3 Qe5 21. Qc1 Re8 (21... Rb8 $14) 22. Rbe3 (22. d6 $16) 22... Bd7 23. Bg4 Qc7 24. Qd1 exd5 25. exd5 {[#] Threatens to win with d6.} Rxe3 26. Rxe3 {Black must now prevent d6.} Bxg4 27. Qxg4 $14 {KQR-KQR} Qd6 28. Qe2 Kf8 29. Qb2 {[%cal Rb2h8] [#]} Kg8 30. Qe2 Kf8 $1 31. Qb2 {Weighted Error Value: White=0.22/Black=0.13} (31. Kh2 $14) 1/2-1/2

[Event "Manx Liberty Masters 2021"]
[Site "Douglas, Isle of Man"]
[Date "2021.09.22"]
[Round "5.4"]
[White "Kolbus, Dietmar"]
[Black "Lupulescu, Constantin"]
[Result "1/2-1/2"]
[WhiteElo "2295"]
[BlackElo "2660"]
[Annotator "TA"]
[PlyCount "182"]
[EventDate "2021.09.18"]
[EventType "tourn"]
[EventCountry "GBR"]
[SourceTitle "playchess.com"]
[Source "ChessBase"]
[SourceQuality "1"]

{[%evp 9,182,13,13,0,0,-5,31,36,47,44,57,30,36,32,36,9,20,12,17,0,45,39,43,44,33,33,32,14,17,12,14,0,0,0,-2,-2,-9,0,0,0,0,-18,0,0,0,0,0,0,0,-17,-7,-30,-6,-14,0,-22,-8,-15,-11,-14,0,0,0,0,0,0,0,0,0,0,0,0,84,54,80,0,15,15,14,0,0,0,0,0,31,0,0,0,0,0,0,0,0,0,0,0,0,0,0,0,0,0,0,0,0,0,0,0,0,0,0,0,0,0,0,0,0,0,0,0,0,0,0,0,0,0,0,0,0,0,0,0,0,0,0,0,0,0,0,0,0,0,0,0,0,0,0,0,0,0,0,0,0,0,0,0,0,0,0,0,0,0,0,0,0,0,0,0,8,0,0,0,0,0,0]} 1. c4 e6 2. Nf3 d5 3. d4 Nf6 4. e3 a6 5. Nbd2 c5 6. dxc5 {D30: Queen's Gambit Declined: Systems without Nc3.} Bxc5 7. a3 Nc6 8. b4 {White is slightly better.} Ba7 9. Bb2 O-O 10. Be2 Qe7 11. O-O Rd8 12. Qb3 {[#]} Bd7 $146 ({Predecessor:} 12... dxc4 13. Nxc4 b5 14. Nce5 Bb7 15. Rac1 Rac8 16. Rfd1 Nxe5 17. Bxe5 Ne4 18. a4 Rxc1 19. Rxc1 {½-½ (27) Eichler,C (2315)-Beikert,G (2403) Germany 2018}) 13. Rfd1 Be8 14. Ne5 d4 (14... Nxe5 {seems wilder.} 15. Bxe5 dxc4 16. Nxc4 Bc6 17. Rxd8+ Rxd8 18. Qc2 Be4) 15. Nxc6 Bxc6 16. Bxd4 Bxd4 17. exd4 Rxd4 18. Nf1 e5 19. Rxd4 exd4 20. Bf3 Rd8 21. Rd1 Ne4 22. Bxe4 Qxe4 {[%csl Gc6][%cal Re4g2] [#]} 23. f3 Qe6 24. Qd3 h5 25. Kf2 h4 26. Re1 Qf6 27. Nd2 Qf4 28. Nf1 b6 29. Rd1 Rd6 30. Qd2 Qf5 31. Qd3 Qf4 32. Qd2 Qe5 {With the idea ...h3!} 33. Qe2 (33. Re1 $5 {[%cal Re1e5]} Qf6 34. Qd3 $15) 33... Qg5 {next ...h3! is good for Black.} 34. Qd2 Qh5 35. Qf4 Rf6 {[%cal Rf6f4]} 36. Qb8+ (36. Qxd4 $2 Bxf3 37. Re1 (37. gxf3 $2 Qxf3+ {[%mdl 64] Double Attack} 38. Ke1 Re6+ 39. Ne3 Rxe3+ 40. Qxe3 Qxe3+ $19) 37... Bc6+ 38. Kg1 Rg6 $17) 36... Kh7 {[%cal Rc6f3] Strongly threatening ...Bxf3!} 37. Rxd4 Bxf3 38. Rf4 Bxg2 39. Rxf6 Bxf1 $11 {[%mdl 4096] Endgame KQR-KQB} 40. Rf3 $1 {Black must now prevent Qf4.} Bxc4 (40... Qg4 $11 41. Qf4 Qg2+ 42. Ke3 Qe2+ {[%mdl 64] Double Attack} 43. Kd4 Qxc4+ 44. Ke5 Qe6+ 45. Kd4 Qc4+ 46. Ke5 Qc7+ 47. Ke4 Qc6+ 48. Kd4 Qc4+) 41. Qf4 $16 Be6 {[#]} 42. h3 ({White should try} 42. Rd3 $1 $16) 42... g5 43. Qf6 Qg6 44. Qc3 Bd5 45. Re3 Qf5+ 46. Kg1 Be6 (46... Qb1+ {feels hotter.} 47. Kf2 Qf5+) 47. Rf3 {[%mdl 1024] White has compensation.} Qb1+ {The position is equal.} 48. Rf1 Qe4 49. Re1 Qf5 50. Rf1 Qe4 51. Re1 Qf5 52. Rf1 Qd5 (52... Qg6 {keeps more tension.} 53. Rf2 Bf5 54. Qf3 Be6 55. Kh2 f5) 53. Rf3 a5 54. bxa5 bxa5 55. Rd3 (55. Kf2 {looks sharper.} Qa2+ 56. Ke1 Qb1+ 57. Kf2 Qa2+) 55... Qb5 (55... Qa2 {with more complications.} 56. Rd8 Qb1+ 57. Kh2 Qa2+ 58. Rd2 Qb3) 56. Re3 a4 57. Qb4 Qd7 58. Qc3 Qd1+ 59. Kf2 Qb1 60. Qd4 Qc2+ (60... Kg6 {is interesting.} 61. Qd3+ Qxd3 62. Rxd3 Kf6 63. Rc3 Ke5) 61. Ke1 Bc4 {( -> ...Qc1+)} (61... Kg6 {looks sharper.} 62. Qd3+ Qxd3 63. Rxd3 Kf5 64. Re3 Kf4) 62. Qe4+ Qxe4 63. Rxe4 $11 {KR-KB} Bb3 $1 64. Kf2 Kg6 65. Rd4 Kf5 66. Rb4 f6 67. Ke3 Kg6 68. Rb6 Bc2 69. Kf2 Bf5 70. Kg2 Bd7 71. Rd6 Bb5 72. Kf2 Kf7 73. Rb6 Bd7 (73... Bd3 {feels hotter.} 74. Rb7+ Ke6 75. Rb6+ Ke5 76. Rb4 Bf5) 74. Kg2 f5 75. Kh2 Be6 76. Ra6 Bb3 77. Rd6 Bc2 78. Rc6 Bd1 79. Rd6 Bb3 80. Kg1 f4 81. Kf2 Be6 82. Kg2 Bf5 83. Ra6 Be4+ 84. Kf2 Bc2 85. Kg2 Kg7 86. Kf2 Bb3 87. Rd6 {Threatens to win with Kf3.} Bc2 88. Ra6 Bf5 89. Kg2 Be4+ 90. Kg1 Bc2 $1 91. Kg2 Be4+ {Weighted Error Value: White=0.06/Black=0.08} 1/2-1/2

[Event "Manx Liberty Masters 2021"]
[Site "Douglas, Isle of Man"]
[Date "2021.09.22"]
[Round "5.5"]
[White "Gavrilescu, David"]
[Black "Galyas, Miklos"]
[Result "1/2-1/2"]
[WhiteElo "2477"]
[BlackElo "2448"]
[Annotator "ChessBase"]
[PlyCount "61"]
[EventDate "2021.09.18"]
[EventType "tourn"]
[EventCountry "GBR"]
[SourceTitle "playchess.com"]
[Source "ChessBase"]
[SourceQuality "1"]
[TimeControl "40/5400+30:900+30"]

1. e4 {[%emt 0:00:00]} d6 {[%emt 0:00:00]} 2. d4 {[%emt 0:00:00]} Nf6 {[%emt 0:00:00]} 3. Nc3 {[%emt 0:00:00]} g6 {[%emt 0:00:00]} 4. Be3 {[%emt 0:00:00]} a6 {[%emt 0:00:00]} 5. h3 {[%emt 0:00:00]} Bg7 {[%emt 0:00:00]} 6. f4 {[%emt 0:00:00]} O-O {[%emt 0:00:00]} 7. Nf3 {[%emt 0:00:00]} e6 {[%emt 0:00:32]} 8. Bd3 {[%emt 0:00:00]} Nc6 {[%emt 0:05:33]} 9. O-O {[%emt 0:06:00]} Ne7 {[%emt 0:10:31]} 10. a4 {[%emt 0:08:54]} b6 {[%emt 0:02:28]} 11. Qe1 {[%emt 0:22:50]} Bb7 {[%emt 0:00:44]} 12. Qh4 {[%emt 0:05:00]} c5 {[%emt 0:08:56]} 13. dxc5 {[%emt 0:07:25]} bxc5 {[%emt 0:00:11]} 14. f5 {[%emt 0:11:32]} gxf5 {[%emt 0:01:59]} 15. exf5 {[%emt 0:03:05]} exf5 {[%emt 0:04:54]} 16. Bg5 {[%emt 0:04:49]} Ng6 {[%emt 0:00:34]} 17. Qf2 {[%emt 0:15:22]} h6 {[%emt 0:00:47]} 18. Bxf6 {[%emt 0:00:27]} Qxf6 {[%emt 0:00:15]} 19. Rad1 {[%emt 0:00:30]} Nf4 {[%emt 0:07:36]} 20. Bc4 {[%emt 0:02:44]} Qg6 {[%emt 0:14:30]} 21. Kh2 {[%emt 0:00:18]} Rae8 {[%emt 0:07:04]} 22. Nh4 {[%emt 0:10:04]} Qg5 {[%emt 0:01:04]} 23. g3 {[%emt 0:00:09]} Nxh3 {[%emt 0:04:49]} 24. Qxf5 {[%emt 0:00:04]} Qxf5 {[%emt 0:05:20]} 25. Nxf5 {[%emt 0:00:01]} Ng5 {[%emt 0:00:20]} 26. Nxd6 {[%emt 0:00:04]} Re7 {[%emt 0:00:59]} 27. Nf5 {[%emt 0:01:17]} Ree8 {[%emt 0:01:05]} 28. Nxg7 {[%emt 0:02:30]} Kxg7 {[%emt 0:00:11]} 29. Bd5 {[%emt 0:00:03]} Bxd5 {[%emt 0:04:38]} 30. Rxd5 {[%emt 0:00:02]} Rb8 {[%emt 0:00:50]} 31. b3 {[%emt 0:00:26]} 1/2-1/2

[Event "Manx Liberty Masters 2021"]
[Site "Douglas, Isle of Man"]
[Date "2021.09.23"]
[Round "6.1"]
[White "Csonka, Balazs"]
[Black "McShane, Luke J"]
[Result "1/2-1/2"]
[WhiteElo "2496"]
[BlackElo "2674"]
[Annotator "TA"]
[PlyCount "83"]
[EventDate "2021.09.18"]
[EventType "tourn"]
[EventCountry "GBR"]
[SourceTitle "playchess.com"]
[Source "ChessBase"]
[SourceQuality "1"]

{[%evp 16,83,0,0,15,13,31,32,37,12,28,0,14,26,32,16,22,27,29,0,0,0,0,8,52,41,80,82,75,96,89,55,66,69,69,69,70,70,80,55,69,69,81,77,82,82,87,74,83,44,89,46,46,46,46,46,46,46,46,46,46,46,54,46,46,30,54,54,54,54]} 1. e4 e5 2. Nf3 Nc6 3. Nc3 Nf6 4. d4 exd4 5. Nxd4 Bb4 6. Nxc6 bxc6 7. Bd3 d5 8. Bd2 O-O 9. O-O {[#]} a5 $146 {C47: Scotch Four Knights and Four Knights with 4 g3.} ({Predecessor:} 9... Rb8 10. Re1 Re8 11. a3 {½-½ (11) Romanov,E (2594)-Sargissian,G (2682) Reykjavik 2021}) 10. Re1 Be6 11. a3 Bc5 {[#] White must now prevent ...Ng4.} 12. h3 Nd7 13. Qh5 {[%cal Re4d5]} g6 14. Qf3 {[%cal Re4d5]} Qf6 15. Qxf6 Nxf6 16. Bf4 Rfc8 17. Rac1 a4 18. exd5 cxd5 19. Nb5 Ne8 20. c4 $36 {[%mdl 2048] [#] aiming for cxd5. White has good play.} d4 21. Re5 Bd6 22. Nxd6 Nxd6 23. Rc5 Nb7 24. Rxc7 Nc5 25. Rd1 Rxc7 26. Bxc7 Rc8 27. Bb6 Nxd3 28. Rxd3 Rxc4 29. Bxd4 $14 {[%mdl 4096] Endgame KRB-KRB} h6 30. Bc3 {Intending Rd8+ and mate.} Kh7 31. g4 (31. Rd6 {looks sharper.} g5 32. f3 Rc5 33. Kf2 h5 34. g4) 31... g5 32. Kg2 Kg6 33. Kg3 h5 {[%cal Rh5g4]} 34. f3 hxg4 35. hxg4 Rc6 36. Rd4 Bb3 37. Rd8 f6 38. Rd7 Re6 39. Bb4 Re8 40. Ra7 Bd1 41. Be7 Bb3 42. Kf2 {Weighted Error Value: White=0.08/Black=0.09} 1/2-1/2

[Event "Manx Liberty Masters 2021"]
[Site "Douglas, Isle of Man"]
[Date "2021.09.23"]
[Round "6.2"]
[White "Pert, Richard G"]
[Black "Parligras, Mircea-Emilian"]
[Result "1/2-1/2"]
[WhiteElo "2416"]
[BlackElo "2583"]
[Annotator "TA"]
[PlyCount "86"]
[EventDate "2021.09.18"]
[EventType "tourn"]
[EventCountry "GBR"]
[SourceTitle "playchess.com"]
[Source "ChessBase"]
[SourceQuality "1"]

{[%evp 19,86,20,27,16,18,14,26,6,21,18,16,8,16,8,25,6,37,7,15,12,5,0,0,-12,-12,-16,-10,-29,-26,-30,-13,-17,-21,-30,0,0,0,-36,-12,-14,0,0,0,0,0,0,0,0,0,-85,0,0,0,-82,-85,-289,-296,-304,-276,-369,-369,-631,85,86,86,86,86,79,29978]} 1. d4 {Krasenkow,M} Nf6 2. Nf3 e6 3. c4 c5 4. e3 d5 5. cxd5 exd5 6. Bb5+ Nc6 7. O-O cxd4 8. exd4 Be7 9. Ne5 Bd7 10. Nc3 O-O 11. Re1 {B14: Caro-Kann: Panov-Botvinnik Attack with 5...e6 and 5...g6.} Rc8 12. Bg5 Re8 13. Rc1 {White has an edge.} a6 14. Bxc6 Bxc6 {[#]} 15. Qb3 $146 ({Predecessor:} 15. Qf3 Qd6 16. h3 Bd8 17. Re3 Rf8 18. Rce1 Qb4 19. Qf5 Ra8 20. Rd1 Ne8 21. Bf4 {1-0 (29) Artemiev,V (2736)-Hracek,Z (2578) Skopje 2019 CBM 189 [Krasenkow,M]}) 15... h6 16. Bh4 Qd6 17. a3 b5 18. h3 Ba8 19. Re3 Bf8 20. Rce1 Nd7 21. Nxd7 (21. Nd3 {is interesting.} Rxe3 22. Rxe3 Nb6 23. Bg3 Qd8 24. Be5) 21... Rxe3 22. Rxe3 Qxd7 23. Qd1 a5 24. Bg3 Bc6 25. Ne2 b4 26. axb4 axb4 27. Nf4 Re8 28. Qe1 Rxe3 29. Qxe3 Qa7 {Hoping for ...Qa1+.} 30. Kh2 Qa2 31. Qe2 Qc4 32. Qe5 b3 {With the idea ...Qc2.} 33. Nh5 Bd7 34. Nf4 {[#]} (34. Qb8 $11 {keeps the balance.}) 34... Bc6 (34... Qc2 $1 $17 {[%cal Rc2b2]} 35. Qxd5 Bc6) 35. Nh5 Ba4 36. Nf4 (36. f3 $11) 36... Qc2 $17 37. Nxd5 $2 (37. Qxd5 $17 {keeps fighting.} Bc6 38. Qd8 Qxb2 39. Qb8) 37... Qxb2 $19 {Strongly threatening ...Bc6.} 38. Qb8 {Threatening mate with Ne7+.} Qa3 39. Nb6 Bb5 {aiming for ...b2.} 40. Nc8 $2 {[#]} (40. Nd5 Bd3 41. Be5) 40... Bd3 $2 (40... b2 $1 $19 41. Bd6 (41. Qxb5 $2 Qa1 $19) 41... Bxd6+ 42. Nxd6+ Kh7 43. Qxb5 Qa2 44. Qf5+ {[%mdl 64] Double Attack} g6) 41. Bd6 $16 {White is better.} Bxd6+ 42. Nxd6+ Kh7 {Threatens to win with ...f6.} 43. Nxf7 {And now Qh8+ would win.} Bc2 $2 {[%mdl 40960] What a bad dream for Black.  Weighted Error Value: White=0.36/Black=0.31. An unexpected result.} ({But not} 43... b2 $2 44. Qh8+ Kg6 45. Ne5+ Kf6 46. Qe8 $18) (43... Qe7 $16 44. Qh8+ (44. Qxb3 Qe4 $16) 44... Kg6 45. Ne5+ Qxe5+ 46. dxe5 b2) 1/2-1/2